Testez votre espagnol: Couleurs - Statistiques

Statistiques générales
  • Ce quiz a été pris 1 039 fois
  • Le résultat moyen est 8 sur 10
Statistiques - réponses
Couleur Réponse % Correct
Verde Vert
100%
Azul Bleu
99%
Rojo Rouge
99%
Blanco Blanc
98%
Negro Noir
98%
Naranja Orange
98%
Amarillo Jaune
96%
Beige Beige
85%
Fucsia Fuchsia
16%
Marron Brune
6%
Aucun quiz correspondant
Distribution des résultats
% des personnes avec chaque résultat
Percentile par nombre de réponses
Votre historique - résultats
Vous n’avez pas pris ce quiz